000
00345 a2200169 4500
001
170540
020
_a
85-08-06790-9
040
_c
Magnum
100
_a
Pellegrini, Domingos
240
1
0
_a
Bicho-gente
_l
por
245
1
0
_a
Bicho-gente
300
_a
143
362
0
_a
1998
440
1
_a
Ática
697
_a
LITERATURA JUVENIL
942
_c
BK
999
_c
170540
_d
170540